000 00646nam a2200265Ia 4500
005 20260324152659.0
008 008 260324s9999 xx 000 0 eng d
020 _a9780128019504
037 _aEBOOK
040 _aCRL
040 _beng
040 _cCRL
041 _2eng
041 _aeng
084 _qCRL
100 _aLi, Husheng
_91229453
245 0 _aCommunications for Control in Cyber Physical Systems
260 _bElsevier
260 _c2016
650 _aComputer Science
856 _uhttps://www.sciencedirect.com/science/book/9780128019504
942 _cEBOOK
999 _c1840240
_d1840240